Statistics for Premier Leagues Nationalities 2023/24

Click here to take the quiz!

General Stats

  • This quiz has been taken 101 times
  • The average score is 51 of 65

Answer Stats

#PlayerNation% Correct
10Kai HavertzGermany
100%
14Julian AlvarezArgentina
99%
31Bruno GuimaraesBrazil
99%
13Rasmus HojlundDenmark
99%
13Evan FergusonIreland
99%
20Bernardo SilvaPortugal
99%
7Alexander IsakSweden
99%
Bukayo SakaEngland
97%
31William SalibaFrance
97%
19Cody GakpoNetherlands
97%
5Erling HaalandNorway
97%
13Andrew RobertsonScotland
97%
17RodriSpain
97%
2Heung-Min SonSouth Korea
95%
15Jeremy DokuBelgium
94%
6Alex IwobiNigeria
94%
2Mohamed SalahEgypt
92%
12Brennan JohnsonWales
92%
7Antonee RobinsonUnited States
91%
5Luis DiazColombia
90%
4Matty CashPoland
90%
5Oleksandr ZinchenkoUkraine
90%
3Darwin NunezUruguay
90%
3Josko GvardiolCroatia
88%
9Destiny UdogieItaly
88%
2Dominik SzoboszlaiHungary
87%
3Manuel AkanjiSwitzerland
87%
4Konstantinos TsimikasGreece
86%
4Kaoru MitomaJapan
86%
2Nayef AguerdMorocco
86%
4André OnanaCameroon
85%
7Mohammed KudusGhana
83%
3Conor BradleyNorthern Ireland
83%
6Nicolas JacksonSenegal
83%
2Ben Brereton DiazChile
82%
2Tomas SoucekCzech Republic
81%
2Hákon Rafn ValdimarssonIceland
81%
6Ibrahim SangaréIvory Coast
81%
2Rayan Ait-NouriAlgeria
79%
2Edson AlvarezMexico
79%
2Sasa LukicSerbia
78%
3Enes ÜnalTurkey
78%
2Moises CaicedoEcuador
77%
5Leon BaileyJamaica
77%
3Miguel AlmironParaguay
77%
2Marek RodakSlovakia
77%
3Richie LaryeaCanada
71%
1Lucas BergströmFinland
71%
2Radu DragusinRomania
71%
2Armando BrojaAlbania
63%
1Chris WoodNew Zealand
62%
1Lyle FosterSouth Africa
62%
1Joe GauciAustralia
60%
1Anel AhmedhodzicBosnia and Herzegovina
60%
4Cheik DoucouréMali
56%
1Manor SolomonIsrael
51%
1Anis SlimaneTunisia
51%
2Yoane WissaDR Congo
50%
1Saman GhoddosIran
50%
1Mario LeminaGabon
45%
1Arijanet MuricKosovo
45%
2Dango OuattaraBurkina Faso
41%
1Karl HeinEstonia
37%
1Marvelous NakambaZimbabwe
29%
1Shandon BaptisteGrenada
24%

Score Distribution

Percentile by Number Answered

Percent of People with Each Score

Your Score History

You have not taken this quiz